Detección de radiaciones nucleares / (Record no. 128569)

MARC details
000 -LEADER
campo de control de longitud fija 00827nam a2200241 i 4500
001 - NÚMERO DE CONTROL
campo de control 128569
003 - IDENTIFICADOR DE NÚMERO DE CONTROL
campo de control ES-MaACL
005 - FECHA Y HORA DE LA ÚLTIMA TRANSACCIÓN
campo de control 20230906193320.0
007 - CAMPO FIJO DE DESCRIPCIÓN FÍSICA--INFORMACIÓN GENERAL
campo de control de longitud fija t|
008 - DATOS DE LONGITUD FIJA--INFORMACIÓN GENERAL
campo de control de longitud fija 070518s1967 sp a |||| | spa d
080 ## - NÚMERO DE LA CLASIFICACIÓN DECIMAL UNIVERSAL
Número de la Clasificación Decimal Universal 621.387
080 ## - NÚMERO DE LA CLASIFICACIÓN DECIMAL UNIVERSAL
Número de la Clasificación Decimal Universal 539.16.087
100 1# - ENTRADA PRINCIPAL--NOMBRE DE PERSONA
Nombre de persona Tanarro Sanz, Agustín.
9 (RLIN) 109177
245 10 - MENCIÓN DEL TÍTULO
Título Detección de radiaciones nucleares /
Mención de responsabilidad, etc. por A. Tanarro.
260 ## - PUBLICACIÓN, DISTRIBUCIÓN, ETC.
Lugar de publicación, distribución, etc. Madrid :
Nombre del editor, distribuidor, etc. [Servicio de Documentación, Biblioteca y Publicaciones, Junta de Energía Nuclear],
Fecha de publicación, distribución, etc. 1967.
300 ## - DESCRIPCIÓN FÍSICA
Extensión 102 p. :
Otras características físicas il. ;
Dimensiones 30 cm.
490 1# - MENCIÓN DE SERIE
Mención de serie J. E.N. 183-DF I 56
650 14 - PUNTO DE ACCESO ADICIONAL DE MATERIA--TÉRMINO DE MATERIA
Término de materia o nombre geográfico como elemento de entrada Radiactividad.
9 (RLIN) 16659
710 2# - ENTRADA AGREGADA--NOMBRE DE ENTIDAD CORPORATIVA
Nombre de entidad corporativa o nombre de jurisdicción como elemento de entrada Junta de Energía Nuclear (España).
Unidad subordinada Servicio de Documentación, Biblioteca y Publicaciones.
9 (RLIN) 140488
830 0# - PUNTO DE ACCESO ADICIONAL DE SERIE-TÍTULO UNIFORME
Título uniforme J. E.N. 183-DF I 56
9 (RLIN) 219291
852 ## - LOCALIZACIÓN
Ubicación ES-MaACL
Número de control de estantería C-34311
Holdings
Estatus retirado Estado de pérdida Estado de daño No para préstamo Biblioteca de origen Biblioteca actual Ubicación en estantería Fecha de adquisición Fuente de adquisición Total de préstamos Signatura topográfica completa Código de barras Visto por última vez Precio de reemplazo Tipo de ítem Koha
        Biblioteca del Ateneo de Madrid Biblioteca del Ateneo de Madrid Depósito 2 17/01/2008     C-34311 1133900 23/02/2023 23/02/2023 Libro impreso